000 00738nam a22002297a 4500
005 20250520105136.0
008 250520b |||||||| |||| 00| 0 eng d
020 _a978-1-3502-5822-8 (pbk)
037 _cTB
040 _aCRL
_cCRL
041 _2eng
_aeng
084 _aR1 R1
_qCRL
100 _aArazim, Pavel
_9809006
245 _aProblem of plurality of logics:
_bUnderstanding the dynamic nature of philosophical logic
260 _aLondon, UK:
_bBloomsbury Academic,
_c2023.
300 _avi, 196p.
365 _b 28.99
_cUKP
650 _aLogic
_9809007
650 _aPhilosophy
942 _2CC
_cTB
_hR1 R1
_n0
999 _c1428858
_d1428858